Výroba celobunkového katalyzátora v prítokovom reaktore
Salvato in:
| Autore principale: | |
|---|---|
| Altri autori: | |
| Natura: | Manoscritto Libro |
| Lingua: | slovacco |
| Pubblicazione: |
2023
|
| Soggetti: | |
| Accesso online: | http://is.stuba.sk/zp/portal_zp.pl?podrobnosti=156361 |
| Tags: |
Nessun Tag, puoi essere il primo ad aggiungerne!!
|
MARC
| LEADER | 00000ntm a22000003a 4500 | ||
|---|---|---|---|
| 001 | stuzp94043 | ||
| 003 | SK-STU | ||
| 005 | 20230909220912.0 | ||
| 007 | ta | ||
| 008 | 150427s2015----xo-----f-mn---000-0-slo-d | ||
| 040 | |a STU |b slo | ||
| 041 | 0 | |a slo | |
| 100 | 1 | |a Mazanová, Michaela |u 046000 |4 aut |U FCHPT Fakulta chemickej a potravinárskej technológie |T FCHPT Ústav chemického a environmentálneho inžinierstva |X 104218 |U C6000 |Y 104 |7 104218 | |
| 242 | 0 | 1 | |a Production of a Whole-Cell Catalyst in an Fed Batch Reactor |y eng |
| 245 | 1 | 0 | |a Výroba celobunkového katalyzátora v prítokovom reaktore |
| 260 | |c 2023 | ||
| 650 | 4 | |a Baeyer – Villigerová monooxygenáza |2 slo | |
| 650 | 4 | |a laktóny |2 slo | |
| 650 | 4 | |a cyklohexanón monooxygenáza |2 slo | |
| 650 | 4 | |a Escherichia coli |2 slo | |
| 650 | 4 | |a bioreaktor |2 slo | |
| 650 | 4 | |a Baeyer – Villiger monooxygenase |2 eng | |
| 650 | 4 | |a lactones |2 eng | |
| 650 | 4 | |a cyclohexanone monooxygenase |2 eng | |
| 650 | 4 | |a Escherichia coli |2 eng | |
| 650 | 4 | |a bioreactor |2 eng | |
| 700 | 1 | |a Illeová, Viera |u 046230 |k Z2 |4 ths |U FCHPT Ústav chemického a environmentálneho inžinierstva |T FCHPT Oddelenie chemického a biochemického inžinierstva |X 3981 |U C6230 |Y 119 |7 A000003981 | |
| 856 | 4 | |u http://is.stuba.sk/zp/portal_zp.pl?podrobnosti=156361 | |